000
00347nam a2200121Ia 4500
008
151001s9999||||xx |||||||||||||| ||und||
100
_a
वा शि आपटे
245
_a
दीपगृहातील साहस
260
_b
श्रीराम प्रकाशन पुणे
260
_c
1988
300
_a
64
365
_b
17
999
_c
971714
_d
971711